Reframing education : radically rethinking perspectives on education in the light of research (Record no. 85752)

MARC details
000 -LEADER
fixed length control field 00790 a2200241 4500
003 - CONTROL NUMBER IDENTIFIER
control field CBULib
005 - DATE AND TIME OF LATEST TRANSACTION
control field 20250116083655.0
008 - FIXED-LENGTH DATA ELEMENTS--GENERAL INFORMATION
fixed length control field 241031b |||||||| |||| 00| 0 eng d
020 ## - INTERNATIONAL STANDARD BOOK NUMBER
International Standard Book Number 9781912906567
040 ## - CATALOGING SOURCE
Language of cataloging English
Transcribing agency CBULib
Description conventions rda
050 ## - LIBRARY OF CONGRESS CALL NUMBER
Classification number LB 1028 Mur
100 ## - MAIN ENTRY--PERSONAL NAME
Personal name Murray, Mike
245 ## - TITLE STATEMENT
Title Reframing education : radically rethinking perspectives on education in the light of research
Statement of responsibility, etc / by Mike Murray
260 ## - PUBLICATION, DISTRIBUTION, ETC. (IMPRINT)
Name of publisher, distributor, etc John Catt,
Date of publication, distribution, etc 2019
Place of publication, distribution, etc Melton :
300 ## - PHYSICAL DESCRIPTION
Extent 160 pages : illustrations
336 ## - CONTENT TYPE
Source rdacontent
Content type term Text |
Content type code txt
337 ## - MEDIA TYPE
Source rdamedia
Media type term Unmediated |
Media type code n
338 ## - CARRIER TYPE
Source rdacarrier
Carrier type term Volume
Carrier type code nc
500 ## - GENERAL NOTE
General note Includes bibliographical references
650 #0 - SUBJECT ADDED ENTRY--TOPICAL TERM
9 (RLIN) 3896
Topical term or geographic name as entry element EDUCATION - RESEARCH
650 #0 - SUBJECT ADDED ENTRY--TOPICAL TERM
9 (RLIN) 3897
Topical term or geographic name as entry element EDUCATION - RESEARCH - PHILOSOPHY
942 ## - ADDED ENTRY ELEMENTS (KOHA)
Source of classification or shelving scheme
Koha item type MONOGRAPH
Holdings
Withdrawn status Lost status Source of classification or shelving scheme Damaged status Not for loan Collection code Permanent Location Current Location Shelving location Date acquired Source of acquisition Cost, normal purchase price Full call number Barcode Date last seen Price effective from Koha item type Total Checkouts
          CBU-Lusaka Campus CBU- LUSAKA CAMPUS CBU- LUSAKA CAMPUS General Stacks 10/31/2024 BOOK AID INTERNATIONAL 22.02 LB 1028 Mur 753053 10/31/2024 10/31/2024 MONOGRAPH  
          CBU-Lusaka Campus CBU- LUSAKA CAMPUS CBU- LUSAKA CAMPUS General Stacks 10/31/2024 BOOK AID INTERNATIONAL 22.02 LB 1028 Mur 753054 10/31/2024 10/31/2024 MONOGRAPH  
          Main Library Open Access Collection CBU-MAIN LIBRARY, KITWE. CBU-MAIN LIBRARY, KITWE. General Stacks 01/16/2025 BOOK AID INTERNATIONAL 22.02 LB 1028 Mur 753251 01/16/2025 01/16/2025 MONOGRAPH  
          Main Library Open Access Collection CBU-MAIN LIBRARY, KITWE. CBU-MAIN LIBRARY, KITWE. General Stacks 01/16/2025 BOOK AID INTERNATIONAL 22.02 LB 1028 Mur 753250 01/16/2025 01/16/2025 MONOGRAPH